000 01039cad a22002055a 4500
001 L158095
008 140513s2014 xxk f 000 0 eng d
035 _a(Sirsi) u158095
041 0 _aeng
110 2 _aUnited Kingdom
_bDepartment of Energy and Climate Change
_95850
245 0 4 _aThe Green Deal
_bguide to the Green Deal Home Improvement Fund
_h[electronic resource]
260 _aLondon
_bDECC
_c2014
520 _aFrom June 2014 people in England and Wales will be able to get up to £7 600 back through the Green Deal Improvement Fund. The scheme helps householders install energy efficiency measures such as solid wall insulation and new heating systems by providing them with money back on the contributions they make towards improvements.
590 _aKA
651 4 _aENGLAND AND WALES
690 _aEnergy
_96237
690 _aSustainability
_96271
856 4 0 _uhttps://www.gov.uk/government/uploads/system/uploads/attachment_data/file/308780/QG12_GDHIF-web.pdf
_zView the guide free of charge at www.gov.uk
942 _n0
999 _c115136
_d115136